000 00802nam0a22002651 4500
001 rc\4452959
005 20130416162057.0
021 _aRU
_b[64-15694]
035 _a(NLR Aleph) 008588335
090 _a8628422
_c8628422
100 _a20130416d1964 |||y0rusy50 ca
101 0 _arus
102 _aRU
105 _aa z |||a|
200 1 _aПоследний аргиш
_eЭтногр. повесть
210 _aМосква
_cМысль
_d1964
215 _a104 с.
_cил.
_d20
225 1 _aПутешествия и приключения
606 _aКеты
_xЭтнография
_2psbo
700 1 _aИтс
_bР. Ф.
_f1928-1990
_gРудольф Фердинандович
801 0 _aRU
_bNLR
_gpsbo
801 1 _aRU
_bELAR
_2rusmarc
852 _aNLR
_j64-3/1785
942 _cBOOK
980 _aNB